|
|
|
|
| LEADER |
00000nam0a2200000 4500 |
| 001 |
193125 |
| 005 |
20231031181722.0 |
| 035 |
|
|
|a (RuTPU)RU\TPU\book\210612
|
| 090 |
|
|
|a 193125
|
| 100 |
|
|
|a 20110316d1983 m y0rusy50 ca
|
| 101 |
0 |
|
|a rus
|
| 102 |
|
|
|a RU
|
| 105 |
|
|
|a a z 001zy
|
| 200 |
1 |
|
|a Проблемы питьевого водоснабжения в США
|f Л. И. Эльпитер, В. С. Васильев
|g Академия наук СССР (АН СССР), Институт водных проблем (ИВП)
|
| 210 |
|
|
|a Москва
|c Наука
|d 1983
|
| 215 |
|
|
|a 168 с.
|c ил.
|
| 320 |
|
|
|a Библиогр.: с. 162-167.
|
| 610 |
1 |
|
|a водоснабжение
|
| 610 |
1 |
|
|a США
|
| 610 |
1 |
|
|a питьевое водоснабжение
|
| 610 |
1 |
|
|a проблемы
|
| 610 |
1 |
|
|a водопотребление
|
| 610 |
1 |
|
|a питьевая вода
|
| 610 |
1 |
|
|a качество
|
| 610 |
1 |
|
|a стандартизация
|
| 610 |
1 |
|
|a экономические аспекты
|
| 675 |
|
|
|a 628.1
|v 3
|
| 700 |
|
1 |
|a Эльпитер
|b Л. И.
|g Леонид Ицкович
|
| 701 |
|
1 |
|a Васильев
|b В. С.
|g Владимир Сергеевич
|
| 712 |
0 |
2 |
|a Академия наук СССР (АН СССР)
|b Институт водных проблем (ИВП)
|c (Москва)
|2 stltpush
|3 (RuTPU)RU\TPU\col\11860
|
| 801 |
|
1 |
|a RU
|b 63413507
|c 20110316
|
| 801 |
|
2 |
|a RU
|b 63413507
|c 20110504
|g RCR
|
| 942 |
|
|
|c BK
|